|
|
|
|
| LEADER |
00000cam a2200000 a 4500 |
| 001 |
vtls008350360 |
| 003 |
SK-MaSNL |
| 005 |
20260301051035.0 |
| 008 |
230403s1963 xo oa f n 001 0 slo |
| 015 |
|
|
|a SNBA1963/11-02152
|
| 020 |
|
|
|q (viaz.)
|
| 035 |
|
|
|a SK01SNK19630042577
|
| 035 |
|
|
|a urn:nbn:sk:snk-am3j45z
|
| 035 |
|
|
|a 13507C1D-195E-4543-B23E-B4013B429EE5
|
| 035 |
|
|
|a urn:nbn:sk:snk-am00gm5b
|
| 035 |
|
|
|a SKM000045040
|
| 040 |
|
|
|a SNK
|b slo
|c SNK
|e AACR2
|
| 041 |
0 |
|
|a slo
|
| 044 |
|
|
|a xo
|c SK
|
| 080 |
|
|
|a 632.3(048.8)
|2 1981
|
| 100 |
1 |
|
|a Bojňanský, Vít,
|d 1921-2009
|4 aut
|9 98414
|
| 245 |
1 |
0 |
|a Vírusové choroby rastlín
|c vedúci autorského kolektívu Vít Bojňanský
|
| 260 |
|
|
|a Bratislava
|b Slovenské vydavateľstvo pôdohospodárskej literatúry
|c 1963
|e Banská Bystrica
|f Tlačiarne SNP
|
| 300 |
|
|
|a 539 s.
|b tab., grafy, sch., obr.
|c 23 cm
|
| 366 |
|
|
|e 2500 výtl.
|
| 490 |
1 |
|
|a Veda na pomoc výrobe
|v zv. 1
|
| 504 |
|
|
|a Bibliografické odkazy a registre
|
| 650 |
0 |
7 |
|a rastliny
|2 SNKPH
|9 690
|
| 650 |
0 |
7 |
|a vírusové choroby rastlín
|2 SNKPH
|9 51079
|
| 655 |
|
7 |
|a monografie
|2 SNKPH
|9 70139
|
| 830 |
|
0 |
|a Veda na pomoc výrobe
|9 357683
|
| 852 |
|
|
|a Slovenská národná knižnica
|
| 954 |
|
|
|a odborná, vedecká literatúra pôvodná (slovenská)
|2 lita
|
| 958 |
|
|
|a TL
|
| 958 |
|
|
|a NB
|
| 958 |
|
|
|a RK
|
| 958 |
|
|
|a OND
|
| 958 |
|
|
|a EUIPO
|
| 999 |
|
|
|c 602339
|d 604269
|
| 952 |
|
|
|a SNK
|b SNK
|y PREZ
|7 0
|p 17A0883320
|o snkSC 18153
|i snkKSP 4345/63
|0 0
|1 0
|4 0
|d 2021-09-13
|f 1
|l 0
|r 2025-07-25 00:00:00
|w 2026-02-23
|
| 952 |
|
|
|a SNK
|b SNK
|y VYP
|7 0
|o snkSC 18153 D1
|0 0
|1 0
|4 0
|d 2021-09-13
|l 0
|r 2026-02-23 15:58:29
|w 2026-02-23
|